ბათუმის შოთა რუსთაველის სახელმწიფო უნივერსიტეტის ბიბლიოთეკა

The Bible and Literature: A Reader / (ბიბ.ჩანაწერი № 61378)

000 -LEADER
fixed length control field 00656nam a22001937a 4500
005 - DATE AND TIME OF LATEST TRANSACTION
control field 20240226174457.0
008 - FIXED-LENGTH DATA ELEMENTS--GENERAL INFORMATION
fixed length control field 240226s1999 enk||||| |||| 00| 0 eng d
020 ## - INTERNATIONAL STANDARD BOOK NUMBER
International Standard Book Number 0631208577
041 ## - LANGUAGE CODE
Language code of text/sound track or separate title eng
080 ## - UNIVERSAL DECIMAL CLASSIFICATION NUMBER
Universal Decimal Classification number 821+27 The-44
245 ## - TITLE STATEMENT
Title The Bible and Literature: A Reader /
Statement of responsibility, etc. Editor David Jasper, Stephen Prickett.
264 ## - PRODUCTION, PUBLICATION, DISTRIBUTION, MANUFACTURE, AND COPYRIGHT NOTICE
Place of production, publication, distribution, manufacture Malden:
Name of producer, publisher, distributor, manufacturer Blackwell,
Date of production, publication, distribution, manufacture, or copyright notice 1999.
300 ## - PHYSICAL DESCRIPTION
Extent 333 p.
Other physical details 23 cm.
653 ## - INDEX TERM--UNCONTROLLED
keyword ბიბლია და ლიტერატურა
653 ## - INDEX TERM--UNCONTROLLED
keyword რელიგია
700 ## - ADDED ENTRY--PERSONAL NAME
Personal name Jasper, David
Relator term რედაქტორი
9 (RLIN) 21302
700 ## - ADDED ENTRY--PERSONAL NAME
Personal name Prickett, Stephen
Relator term რედაქტორი
9 (RLIN) 21303
942 ## - ADDED ENTRY ELEMENTS (KOHA)
Source of classification or shelving scheme
Koha item type წიგნი
ეგზემპლარები
Withdrawn status Lost status Source of classification or shelving scheme Damaged status Not for loan Permanent Location Current Location Shelving location Date acquired Cost, normal purchase price Full call number Barcode Date last seen Copy number Uniform Resource Identifier Price effective from Koha item type Public note
          ბათუმის შოთა რუსთაველის სახელმწიფო უნივერსიტეტის მთავარი ბიბლიოთეკა ბათუმის შოთა რუსთაველის სახელმწიფო უნივერსიტეტის მთავარი ბიბლიოთეკა წიგნსაცავი 2024-02-26 7.00 821+27 The-44 67587 2024-02-26 67587 ნაჩუქარი 2024-02-26 წიგნი 7 ლ.